00374nam a2200121Ia 4500008004100000245011300041260001700154260000900171300000800180650002300188650001200211856002900223170516s9999 xx 000 0 und d aGenome-Wide lncRNA Microarray Profiling Identifies Novel Circulating lncRNAs for Detection of Gastric Cancer bTheranostics c2017 a7:1 xMedical Technology xMedtech uhttp://www.thno.org/v7i1